000 00292nam a22001337a 4500
008 170801b xxu||||| |||| 00| 0 eng d
020 _a0136378684
041 _aeng
080 _a004
100 _a32
101 _aSHK
245 _aOPERATING SYSTEMS THEORY
_cCOFFMAN,E.G
942 _2udc
_cBK
999 _c22353
_d22353